| 000 | 00968nas a2200277 4500 | ||
|---|---|---|---|
| 001 | BR9803411 | ||
| 003 | BR-BrBNA | ||
| 005 | 20231205100818.0 | ||
| 007 | ta | ||
| 008 | 230509b bl.|||p| |||| 00| 00por d | ||
| 040 |
_aBR-BrBNA _bpor _cBiblioteca Nacional de Agricultura |
||
| 041 | _a(Pt) | ||
| 072 | _aF30; F01 | ||
| 100 | 1 | _aNoda, H. | |
| 100 | 1 | _aMachado, F.M. | |
| 100 | 1 | _aSilva Filho, D.F. da | |
| 245 | 1 | _aComportamento de progenies F10 de tomate do cruzamento HT16 (Yoshimatsu)cultivadas em solos de terra firme e varzea naturalmente infestados por Pseudomonas solanacearum | |
| 650 | _aTeste de Progenie | ||
| 650 | _aTomate | ||
| 650 | _aMurcha Bacteriana | ||
| 650 | _aVariedade Resistente | ||
| 650 | _aAmazonas | ||
| 773 | 0 |
_tRevista da Universidade do Amazonas. Serie Ciencias Agrarias (Brazil) _xISSN 0103-7463 _g(Jan-Dec 1995-1996), v. 4-5(1-2) p. 13-22 _wBR9803411 |
|
| 909 |
_a202311 _bLúcia _c55 _dLúcia Elande |
||
| 942 |
_2AGRIS _n0 _cANA |
||
| 999 |
_c158229 _d158229 |
||